000 00420nam a2200169Ia 4500
008 230711s9999||||xx |||||||||||||| ||und||
041 _aENG
082 _a546
_bGA-I
100 _aGarg,Rajni
245 0 _aInorganic Chemistry
250 _a1st . . Ed.
260 _c2016
_aNew Delhi
_bMcGraw Hill Education(India) Private Limited
300 _a35.34p.
650 _aChemistry
700 _aRandhir,Singh
942 _cBK
999 _c5757
_d5757